000 00601nam a2200217Ia 4500
005 20250508161702.0
008 008 250505s9999 xx 000 0 eng d
037 _aTextual
040 _aFEDL
_beng
_cFEDL
041 _aeng
_2eng
084 _a001.4225, GAL
_qFEDL
100 _aGalfo Armand J
_991115
245 0 _aInterpreting educational research
250 _a2
260 _aDubuque
_bW. M. Brown Company Publishers
_c1965
300 _ax,395p.
650 _aStatistics
700 _a Miller Earl
_9771333
942 _cTEXL
_h001.4225, GAL
999 _c1371548
_d1371548